MARC

LEADER 00000nam0a2200000 4500
001 41883
005 20231031014730.0
010 |a 5929200602 
035 |a (RuTPU)RU\TPU\book\43025 
090 |a 41883 
100 |a 20020704d2002 m y0rusy50 ca 
101 0 |a rus 
102 |a RU 
105 |a y z 001zy 
200 1 |a Современное состояние, тенденции и перспективные оценки здоровья населения  |f Т. М. Максимова 
210 |a Москва  |c ПЕР СЭ  |d 2002 
215 |a 192 с. 
320 |a Библиогр.: с. 186-187 
610 1 |a медицина 
610 1 |a здоровье 
610 1 |a здравоохранение 
610 1 |a демография 
610 1 |a заболевания 
610 1 |a физическое развитие 
610 1 |a субъективные оценки 
610 1 |a общество 
610 1 |a социально-экономические проблемы 
675 |a 613.4  |v 3 
700 1 |a Максимова  |b Т. М. 
801 1 |a RU  |b 63413507  |c 20020704  |g PSBO 
801 2 |a RU  |b 63413507  |c 20080124  |g PSBO 
900 |a Валеология 
942 |c BK